000 00703nam a2200265Ia 4500
003 OSt
005 20220912151500.0
006 a|||||r|||| 00| 0
007 ta
008 220909b |||||||| |||| 00| 0 eng d
024 _a34888
037 _cTextual
040 _aCSL
_beng
_cCSL
041 _aeng
082 _aU210aG95121, N3
100 _aCooke Ron
245 0 _aDesert geomorphology
260 _aNew Delhi
_b Research Press
_c1975
300 _a526p.
_ccm.
650 _aGeomorphology
700 _a Goudie Andrew
700 _a Warren Andrew
942 _hU210aG95121, N3
_cTEXL
_2CC
999 _c69572
_d69572